Introducción al algebra : nociones de algebra líneal /
Guardado en:
| Autor Principal: | |
|---|---|
| Otros Autores: | |
| Formato: | Libro |
| Publicado: |
Buenos Aires :
Eudeba
|
| Series: | Ediciones Previas. Matemática
|
| Materias: | |
| Etiquetas: |
Agregar Etiqueta
Sin Etiquetas, Sea el primero en etiquetar este registro!
|
| LEADER | 01017nam a22002055a 4500 | ||
|---|---|---|---|
| 001 | CEM.cems012729 | ||
| 005 | 20071009145605.0 | ||
| 008 | 130507b######################000#0#####d | ||
| 003 | CEMS | ||
| 082 | 0 | 4 | |a 512 |
| 100 | 1 | |a Cotlar, Mischa | |
| 245 | 1 | 0 | |a Introducción al algebra : |b nociones de algebra líneal / |c Mischa Cotlar, Cora Ratto de Sadosky |
| 260 | |a Buenos Aires : |b Eudeba | ||
| 300 | |a 215 p. | ||
| 490 | 0 | |a Ediciones Previas. Matemática | |
| 505 | 0 | |a Relacione y operaciones -- Algebra proposicional -- Operaciones con conjuntos -- Estructuras algebraicas -- Grupos -- Anillos -- Cuerpos -- Nociones de teoría de ecuaciones -- Espacios vectoriales -- Matrices y transformaciones lineales -- Formas lineales y p-lineales -- Determinantes -- Sistemas de ecuaciones lineales -- Producto de vectores -- Transformaciones ortogonales -- Valores propios de una matriz | |
| 653 | |a Matemática | ||
| 653 | |a Algebra | ||
| 700 | 1 | |a Ratto de Sadosky, Cora | |
| 859 | |a CEMS |b BIB. CEMS - 11 de abril |h 512 |i C676 |p 23985.07 |t Ej.1 | ||
